00632nam a2200241 a 4500001001300000003000900013005001700022008004100039020001000080082001500090100001500105245002300120260003000143300000900173500003500182505001000217650002300227700001500250902000800265942000700273952009500280999001500375nice12345678IN_TiNIC20260116011731.0050524s1904 lona grp 000 0 eng  ac10000a234.2bWEL aWelsh, R E aIn Relief Or Doubt aLondonbH R Allesonc1904 a110p aincludes index and biblioraphy2 aIndex aFaith-Christianity1 aWelsh, R E bSRS cBK 00104070aHMIbHMId2007-06-20g100.00l0o234.2 WELp8514r2007-06-20w2026-01-16yARB c3587d3587